| 000 | 00507nam a22001697a 4500 | ||
|---|---|---|---|
| 999 |
_c526337 _d526337 |
||
| 003 | NUST | ||
| 038 | _aMr. Zahoor | ||
| 082 | _a620.1 | ||
| 100 |
_aShafi, Ayesha _917321 |
||
| 245 |
_aSlat Armour Increase in Effectiveness and Step towards Modular Approach / _cAyesha Shafi |
||
| 260 |
_aIslamabad : _bCEME - NUST, _c2016. |
||
| 300 |
_a58 p. : ill. ; _c30cm. |
||
| 500 | _aHardcover. | ||
| 650 |
_aMechanical Engineering - MS Thesis _916090 |
||
| 700 |
_aDr. Hassan Aftab Saeed _916372 |
||
| 942 |
_2ddc _cTHE |
||